000
00221nam a2200085Ia 4500
008
120527s9999 xx 000 0 und d
100
_a
Rainen, G. hal
245
_a
Understanding and managing public organisation
942
_c
BK
999
_c
27202
_d
27202